00239nam a2200097Ia 4500008004100000082001500041100002300056245002700079260002000106600001500126241002s9999 xx 000 0 und d a808.84 THR aThruelsen, Richard 0aAdventures of the Mind aNew York:c1961 aLiterature